К вопросу определения пропускной способности выпускных дучек; Совершенствование технологии добычи руд цветных металлов

Detalles Bibliográficos
Parent link:Совершенствование технологии добычи руд цветных металлов.— 1974.— С. 98-101
Autor Principal: Филатов П. П.
Idioma:ruso
Publicado: 1974
Formato: MixedMaterials Capítulo de libro
KOHA link:https://koha.lib.tpu.ru/cgi-bin/koha/opac-detail.pl?biblionumber=218483

MARC

LEADER 00000naa2a2200000 4500
001 218483
005 20231031194917.0
035 |a (RuTPU)RU\TPU\book\238512 
035 |a RU\TPU\book\238507 
090 |a 218483 
100 |a 20120621d1974 k y0rusy50 ca 
101 0 |a rus 
102 |a UZ 
200 1 |a К вопросу определения пропускной способности выпускных дучек  |f П. П. Филатов 
320 |a Библиогр.: с. 101 (1 назв.) 
463 0 |0 (RuTPU)RU\TPU\book\238390  |t Совершенствование технологии добычи руд цветных металлов  |o научные труды  |f Среднеазиатский научно-исследовательский и проектный институт цветной металлургии  |v С. 98-101  |d 1974  |p 152 с.  |s Научные труды ; № 9 
700 1 |a Филатов  |b П. П. 
801 1 |a RU  |b 63413507  |c 20120620 
801 2 |a RU  |b 63413507  |c 20120621  |g RCR 
942 |c BK